Women, livelihoods and socio-economic growth : emerging development alternatives

Αποθηκεύτηκε σε:
Λεπτομέρειες βιβλιογραφικής εγγραφής
Άλλοι συγγραφείς: Τσομπάνογλου, Γεώργιος Οδ (Επιμελητής έκδοσης)
Μορφή: Βιβλίο
Γλώσσα:English
Δημοσίευση: Delhi : The Women Press, c2010.
Σειρά:Empowering women worldwide series ; 7
Θέματα:
Ετικέτες: Προσθήκη ετικέτας
Δεν υπάρχουν, Καταχωρήστε ετικέτα πρώτοι!

MARC

LEADER 00000nam a2200000 a 4500
001 1/126493
008 230502s2010####ii | ||| |||| ||eng||
020 |a 9788189110291 
040 |a GR-MyUa  |b gre  |c GR-MyUa  |e AACR2 
041 0 |a eng 
082 7 |a 305.42   |2 (23) 
245 0 0 |a Women, livelihoods and socio-economic growth :   |b emerging development alternatives /   |c editor George O. Tsobanoglou.  
260 |a Delhi :   |b The Women Press,   |c c2010.  
300 |a 374 σ. ;   |c 22 εκ.  
490 1 |a (Empowering women worldwide series ;   |v 7)  
504 |a Βιβλιογραφία: σ. 370-372.  
650 0 |a Women in economic development 
650 0 |a Women in development 
650 0 |a Rural women  |x Economic conditions 
700 1 |a Τσομπάνογλου, Γεώργιος Οδ,  |e edt 
830 0 |a Empowering women worldwide series ;  |v 7 
852 |a INST  |b LESVOS  |e 20230502  |h 305.42 WOM  |p 005100064696  |q 005100064696  |t BK  |y 0 
970 |a Καμάτσου  |b Δέσποινα  |z 02-05-2023